The physician's tale /

Bibliographic Details
Main Author: Chaucer, Geoffrey, -1400
Other Authors: Corsa, Helen Storm
Format: Book
Language:English
Published: Norman : University of Oklahoma Press, [1987]
Series:Chaucer, Geoffrey, -1400. Works. 1979 ; v. 2.
Chaucer, Geoffrey, -1400. Canterbury tales (Norman, Okla.) ; pt. 17.
Subjects:

MARC

Tag First Indicator Second Indicator Subfields
LEADER 00000cam a2200000 a 4500
001 in00000032055
005 20151007055027.0
008 860829s1987 okuh b s00100 eng
010 |a  86014635  
020 |a 080612038X (alk. paper) 
035 |a (OCoLC)14214726 
035 |9 AAB7019AM 
040 |a DLC  |c DLC  |d TXA  |d UtOrBLW 
049 |a TXAM  |c [A11007981] 
050 0 0 |a PR1866  |b .R8 1983 pt. 17  |a PR1868 
082 0 |a 821/.1  |2 19 
100 1 |a Chaucer, Geoffrey,  |d -1400. 
245 1 4 |a The physician's tale /  |c edited by Helen Storm Corsa. 
264 1 |a Norman :  |b University of Oklahoma Press,  |c [1987] 
264 4 |c ©1987 
300 |a xxix, 171 pages :  |b facsimiles (some color) ;  |c 26 cm. 
336 |a text  |b txt  |2 rdacontent 
337 |a unmediated  |b n  |2 rdamedia 
338 |a volume  |b nc  |2 rdacarrier 
490 0 |a A Variorum edition of the works of Geoffrey Chaucer ;  |v v. 2.  |a The Canterbury tales ;  |v pt. 17 
504 |a Bibliography: pages 153-164. 
500 |a Includes index. 
600 1 0 |a Chaucer, Geoffrey,  |d -1400.  |t Physician's tale. 
700 1 |a Corsa, Helen Storm. 
800 1 |a Chaucer, Geoffrey,  |d -1400.  |t Works.  |f 1979 ;  |v v. 2. 
800 1 |a Chaucer, Geoffrey,  |d -1400.  |t Canterbury tales (Norman, Okla.) ;  |v pt. 17. 
999 |a MARS 
999 f f |s a5d7d03d-b239-3026-8795-f9e55f24129a  |i da92ce68-ec1d-33e6-9fbf-d7be039cfbe4  |t 0 
952 f f |p normal  |a Texas A&M University  |b College Station  |c Sterling C. Evans Library  |d Evans: Library Stacks  |t 0  |e PR1866 .R8 1983 pt.17  |h Library of Congress classification  |i unmediated -- volume  |m A14811007981 
998 f f |a PR1866 .R8 1983 pt.17  |t 0  |l Evans: Library Stacks